[Event "Wch Seniors 65 26th"]
[Site "Marianske Lazne"]
[Date "2016.11.20"]
[Round "2"]
[White "Leitner, Walter"]
[Black "Sorensen, Bent"]
[Result "0-1"]
[WhiteElo "2039"]
[BlackElo "2263"]
[PlyCount "78"]
[EventDate "2016.11.19"]
[EventType "swiss"]
[EventRounds "11"]
[EventCountry "CZE"]
[SourceTitle "CBM 175 Extra"]
[Source "ChessBase"]
[SourceDate "2016.12.12"]
[SourceVersion "1"]
[SourceVersionDate "2016.12.12"]
[SourceQuality "1"]

1. d4 e6 2. Bf4 d5 3. e3 Bd6 4. Bg3 Qe7 5. Nf3 Nd7 6. c3 c6 7. Nbd2 e5 8. dxe5 Nxe5 9. Nxe5 Bxe5 10. Qh5 Bxg3 11. hxg3 h6 12. Be2 Nf6 13. Qh4 Be6 14. Qa4 0-0 15. Qc2 c5 16. Rh4 Rfd8 17. b3 d4 18. Nf1 dxc3 19. Qxc3 Nd5 20. Qb2 Nb4 21. Nd2 Bf5 22. e4 Rd4 23. a3 Nd3+ 24. Bxd3 Rxd3 25. 0-0-0 Be6 26. Nc4 Bxc4 27. bxc4 Rxd1+ 28. Kxd1 Rd8+ 29. Ke2 Rd4 30. Qc2 Qe6 31. f3 Rxc4 32. Qb2 Rd4 33. Rh1 Qd6 34. Qxb7 Rd2+ 35. Ke3 Qd4+ 36. Kf4 Qf6+ 37. Ke3 Rd8 38. Qb3 Qd4+ 39. Kf4 Qd2+ 0-1

[Event "Wch Seniors 65 26th"]
[Site "Marianske Lazne"]
[Date "2016.11.19"]
[Round "1"]
[White "Mohammadian, Mohammad"]
[Black "Leitner, Walter"]
[Result "0-1"]
[WhiteElo "1683"]
[BlackElo "2039"]
[PlyCount "100"]
[EventDate "2016.11.19"]
[EventType "swiss"]
[EventRounds "11"]
[EventCountry "CZE"]
[SourceTitle "CBM 175 Extra"]
[Source "ChessBase"]
[SourceDate "2016.12.12"]
[SourceVersion "1"]
[SourceVersionDate "2016.12.12"]
[SourceQuality "1"]

1. e4 c6 2. d4 d5 3. Nd2 dxe4 4. Nxe4 Nf6 5. Nxf6+ gxf6 6. Be3 Bf5 7. Qd2 e6 8. 0-0-0 Nd7 9. Nf3 Qc7 10. Bc4 0-0-0 11. Bf4 Bd6 12. Bxd6 Qxd6 13. Qa5 Kb8 14. h3 Be4 15. Be2 Nb6 16. g3 Rd7 17. Rhg1 Rhd8 18. Qc3 Nd5 19. Qb3 Qb4 20. c3 Qa5 21. Nd2 Bg6 22. Nc4 Qc7 23. Bf3 c5 24. dxc5 Qxc5 25. Rd4 Nb6 26. Rxd7 Rxd7 27. Ne3 Rd3 28. Re1 a5 29. a4 Ka7 30. h4 h6 31. Bg2 Rd6 32. Rd1 Rxd1+ 33. Qxd1 Qe7 34. Qb3 Bd3 35. Qd1 Ba6 36. Qd4 Qd7 37. Qc5 Qxa4 38. Nc2 Qb5 39. Qd4 Qe5 40. Qxe5 fxe5 41. Ne3 f5 42. Kd2 Na4 43. Kc2 Nc5 44. Kd2 Nd3 45. Nd1 a4 46. Ke3 Nxb2 47. Kd2 a3 48. Ne3 Nc4+ 49. Nxc4 a2 50. Nxe5 a1Q 0-1

[Event "FRA-ch Seniors"]
[Site "Nancy"]
[Date "2013.08.20"]
[Round "8"]
[White "Leitner, Walter"]
[Black "Belluire, Patrice"]
[Result "0-1"]
[WhiteElo "2089"]
[BlackElo "1899"]
[PlyCount "120"]
[EventDate "2013.08.11"]
[EventType "swiss"]
[EventRounds "11"]
[EventCountry "FRA"]
[SourceTitle "CBM 156 Extra"]
[Source "ChessBase"]
[SourceDate "2013.10.22"]
[SourceVersion "1"]
[SourceVersionDate "2013.10.22"]
[SourceQuality "1"]

1. d4 Nf6 2. Nf3 b6 3. e3 Bb7 4. Nbd2 e6 5. Bd3 c5 6. c3 Nc6 7. 0-0 cxd4 8. exd4 Qc7 9. Re1 Be7 10. Ne4 Nxe4 11. Rxe4 h6 12. Rg4 g5 13. Re4 0-0-0 14. Re1 Bd6 15. Qe2 f6 16. Ba6 g4 17. Bxb7+ Kxb7 18. Nh4 Bxh2+ 19. Kh1 Bd6 20. Qxg4 Rdg8 21. Qh5 Ne7 22. Qf3+ Kb8 23. Bd2 f5 24. Rac1 Ng6 25. Nxg6 Rxg6 26. c4 Qb7 27. Qxb7+ Kxb7 28. c5 Bc7 29. b4 Rhg8 30. g3 b5 31. d5 exd5 32. Re7 Kc6 33. Rh7 f4 34. Kg2 Re8 35. Rh1 Ree6 36. Re1 fxg3 37. f3 Rxe1 38. Bxe1 Re6 39. Bc3 Re2+ 40. Kg1 Bf4 41. Rg7 Rxa2 42. Rg6+ Kb7 43. Rg4 Be3+ 44. Kf1 Rf2+ 45. Ke1 Rc2 46. Be5 g2 47. Bh2 Rb2 48. Rg7 g1Q+ 49. Bxg1 Bxg1 50. Rxd7+ Kc6 51. Rd6+ Kc7 52. Rxd5 Rxb4 53. Ke2 Rc4 54. Rh5 Bxc5 55. Rxh6 b4 56. Rh5 Kc6 57. Kd3 Rc3+ 58. Ke4 a5 59. Rh6+ Kb5 60. f4 b3 0-1

[Event "FRA-ch Seniors"]
[Site "Nancy"]
[Date "2013.08.19"]
[Round "7"]
[White "Maury, Claude"]
[Black "Leitner, Walter"]
[Result "1/2-1/2"]
[WhiteElo "1840"]
[BlackElo "2089"]
[PlyCount "80"]
[EventDate "2013.08.11"]
[EventType "swiss"]
[EventRounds "11"]
[EventCountry "FRA"]
[SourceTitle "CBM 156 Extra"]
[Source "ChessBase"]
[SourceDate "2013.10.22"]
[SourceVersion "1"]
[SourceVersionDate "2013.10.22"]
[SourceQuality "1"]

1. d4 d5 2. Nf3 c6 3. e3 Bg4 4. Bd3 Nd7 5. Nbd2 e5 6. dxe5 Nxe5 7. Be2 Bd6 8. Nxe5 Bxe2 9. Nxf7 Bxd1 10. Nxd8 Bxc2 11. Nxb7 Be5 12. Nf3 Bf6 13. Nd4 Bg6 14. Nxc6 Ne7 15. Nd6+ Kd7 16. Nxe7 Bxe7 17. Nb5 Bd3 18. Nc3 Ke6 19. Ne2 Ba6 20. Bd2 Bf6 21. Bc3 Bxc3+ 22. Nxc3 Rab8 23. 0-0-0 Rhc8 24. Rd4 Bc4 25. Kb1 Rc5 26. Rhd1 g5 27. e4 dxe4 28. Nxe4 Rc6 29. Nxg5+ Kf5 30. Rxc4 Rxc4 31. Rd5+ Kg6 32. Nf3 Rc7 33. Rd2 Rbc8 34. a3 Rc1+ 35. Ka2 R1c2 36. Rd7 a5 37. Rd6+ Kg7 38. Rd7+ Kg6 39. Rd6+ Kg7 40. Rd7+ Kg6 1/2-1/2

[Event "FRA-ch Seniors"]
[Site "Caen"]
[Date "2011.08.16"]
[Round "1"]
[White "Leitner, Walter"]
[Black "Schrader, Edmond"]
[Result "1/2-1/2"]
[WhiteElo "2098"]
[BlackElo "1753"]
[PlyCount "83"]
[EventDate "2011.08.16"]
[EventType "swiss"]
[EventRounds "11"]
[EventCountry "FRA"]
[SourceTitle "CBM 144 Extra"]
[Source "ChessBase"]
[SourceDate "2011.10.28"]
[SourceVersion "1"]
[SourceVersionDate "2011.10.28"]
[SourceQuality "1"]

1. e4 e5 2. Nf3 Nc6 3. Bb5 Nf6 4. d3 Bc5 5. Nc3 d6 6. Na4 Bb6 7. Nxb6 axb6 8. h3 h6 9. Be3 0-0 10. Qd2 Ra5 11. Bc4 d5 12. exd5 Nxd5 13. a3 Be6 14. 0-0 Qf6 15. Nh2 Nd4 16. c3 Nc6 17. Kh1 Nce7 18. Qe2 Ng6 19. Ng4 Qh4 20. Bxd5 Rxd5 21. f3 f5 22. Bf2 Qd8 23. c4 Rxd3 24. Nxe5 Rd2 25. Qe3 Nxe5 26. Qxe5 Qf6 27. Qxf6 Rxf6 28. b3 b5 29. cxb5 Bxb3 30. Rac1 Ba4 31. Rc5 c6 32. bxc6 Bxc6 33. Kg1 f4 34. Re5 Rfd6 35. Rfe1 Rd1 36. Re7 Rxe1+ 37. Rxe1 Rd3 38. Bc5 Rd7 39. Re8+ Kh7 40. Rf8 g5 41. Bb4 Kg7 42. Re8 1/2-1/2

[Event "Wch Seniors 18th"]
[Site "Bad Zwischenahn"]
[Date "2008.11.08"]
[Round "11"]
[White "Rosenauer, Horst"]
[Black "Leitner, Walter"]
[Result "1-0"]
[WhiteElo "1661"]
[BlackElo "2095"]
[PlyCount "65"]
[EventDate "2008.10.28"]
[EventType "swiss"]
[EventRounds "11"]
[EventCountry "GER"]
[SourceTitle "EXT 2009"]
[Source "ChessBase"]
[SourceDate "2008.11.26"]
[SourceVersion "1"]
[SourceVersionDate "2008.11.26"]
[SourceQuality "1"]

1. e4 e5 2. Nf3 Nc6 3. Bb5 a6 4. Ba4 Nf6 5. 0-0 Be7 6. Re1 b5 7. Bb3 0-0 8. c3 d5 9. exd5 e4 10. dxc6 exf3 11. Qxf3 Bg4 12. Qg3 Bd6 13. Qh4 Re8 14. f3 Bf5 15. d4 Bxh2+ 16. Kxh2 Ng4+ 17. Kg3 Qxh4+ 18. Kxh4 Rxe1 19. fxg4 Rxc1 20. gxf5 Re8 21. a4 Kf8 22. axb5 axb5 23. Ra7 Rxb1 24. Rxc7 Rxb2 25. Rxf7+ Kg8 26. Bd5 Rc2 27. Rb7+ Kf8 28. Be6 Rxc3 29. d5 Ra8 30. Rf7+ Ke8 31. Rxg7 Ra4+ 32. g4 Kd8 33. d6 1-0

[Event "FRA-chT2 West 0708"]
[Site "France"]
[Date "2007.10.21"]
[Round "1.4"]
[White "Leitner, Walter"]
[Black "Le Borgne, Pierre"]
[Result "1/2-1/2"]
[WhiteElo "2120"]
[BlackElo "2223"]
[PlyCount "73"]
[EventDate "2007.10.21"]
[EventType "team"]
[EventRounds "11"]
[EventCountry "FRA"]
[SourceTitle "EXT 2009"]
[Source "ChessBase"]
[SourceDate "2008.11.26"]
[SourceVersion "1"]
[SourceVersionDate "2008.11.26"]
[SourceQuality "1"]
[WhiteTeam "Gif sur Yvette"]
[BlackTeam "Lisieux"]
[WhiteTeamCountry "FRA"]
[BlackTeamCountry "FRA"]

1. e4 e5 2. Nf3 Nc6 3. Bb5 a6 4. Bxc6 dxc6 5. 0-0 Bg4 6. h3 h5 7. d3 Qf6 8. Nbd2 Ne7 9. Re1 Ng6 10. Nf1 Bxf3 11. Qxf3 Qxf3 12. gxf3 f6 13. Be3 0-0-0 14. Red1 c5 15. Ng3 Nh4 16. f4 exf4 17. Bxf4 g5 18. Be3 g4 19. hxg4 hxg4 20. Kf1 Bd6 21. Ke2 Bxg3 22. fxg3 Nf3 23. Rh1 b6 24. Raf1 Kb7 25. b3 a5 26. a4 Kc6 27. Kd1 Rde8 28. Bh6 Rh7 29. Be3 Rxh1 30. Rxh1 f5 31. Rh7 fxe4 32. Bf4 exd3 33. Rxc7+ Kd5 34. Rd7+ Kc6 35. Rc7+ Kd5 36. Rd7+ Kc6 37. Rc7+ 1/2-1/2

[Event "FRA-chT2 West 0607"]
[Site "France"]
[Date "2007.01.21"]
[Round "6.4"]
[White "Camus de Solliers, Guillaume"]
[Black "Leitner, Walter"]
[Result "1-0"]
[WhiteElo "2299"]
[BlackElo "2130"]
[PlyCount "45"]
[EventDate "2006.10.15"]
[EventType "team"]
[EventRounds "11"]
[EventCountry "FRA"]
[SourceTitle "EXT 2008"]
[Source "ChessBase"]
[SourceDate "2007.11.25"]
[SourceVersion "1"]
[SourceVersionDate "2007.11.25"]
[SourceQuality "1"]
[WhiteTeam "Rueil Malmaison"]
[BlackTeam "Gif sur Yvette"]
[WhiteTeamCountry "FRA"]
[BlackTeamCountry "FRA"]

1. d4 Nf6 2. c4 e6 3. Nf3 b6 4. g3 Bb7 5. Bg2 Bb4+ 6. Bd2 Qe7 7. 0-0 0-0 8. Bf4 d5 9. c5 bxc5 10. a3 Ba5 11. dxc5 c6 12. Bd6 Qd8 13. Bxf8 Kxf8 14. b4 Bc7 15. Nbd2 Nbd7 16. Re1 e5 17. e4 d4 18. Qc2 Ba6 19. a4 Rb8 20. Rab1 Qe7 21. Rec1 Kg8 22. b5 cxb5 23. Bf1 1-0

[Event "FRA-chT2B 0506"]
[Site "France"]
[Date "2006.04.01"]
[Round "10.4"]
[White "Herrou, Christophe"]
[Black "Leitner, Walter"]
[Result "0-1"]
[WhiteElo "2131"]
[BlackElo "2115"]
[PlyCount "94"]
[EventDate "2005.10.27"]
[EventType "team-tourn"]
[EventRounds "11"]
[EventCountry "FRA"]
[SourceTitle "EXT 2006"]
[Source "ChessBase"]
[SourceDate "2005.11.24"]
[SourceVersion "1"]
[SourceVersionDate "2005.11.24"]
[SourceQuality "1"]
[WhiteTeam "Orcher La Tour II"]
[BlackTeam "Gif sur Yvette"]
[WhiteTeamCountry "FRA"]
[BlackTeamCountry "FRA"]

1. e4 c6 2. d4 d5 3. e5 Bf5 4. h4 h6 5. Ne2 e6 6. Ng3 Bh7 7. Bd3 Bxd3 8. Qxd3 a6 9. c3 c5 10. a3 Nc6 11. b4 cxd4 12. cxd4 Rc8 13. Be3 Bxb4+ 14. axb4 Nxb4 15. Qb3 Nc2+ 16. Kd2 Nxa1 17. Qa4+ Qd7 18. Qxa1 Ne7 19. Nc3 Rc4 20. Nge2 0-0 21. g4 Rfc8 22. h5 Qc6 23. g5 Nf5 24. gxh6 gxh6 25. Rg1+ Kh8 26. Rc1 b5 27. Qb2 b4 28. Na2 a5 29. Ke1 Qa4 30. Kd2 Qb5 31. Ng3 Nxe3 32. fxe3 Rg8 33. Ne2 Rg2 34. Ke1 Rg5 35. Kf2 Qc6 36. Kf3 Rxc1 37. Naxc1 Qc4 38. Qa1 Qb5 39. Qb1 Rg8 40. Qc2 a4 41. Qc7 Qb8 42. Qa5 b3 43. Nd3 Qa8 44. Qxa8 Rxa8 45. Nec1 Rc8 46. Nxb3 axb3 47. Ke2 b2 0-1

[Event "FRA-ch Seniors"]
[Site "Chartres"]
[Date "2005.08.23"]
[Round "7"]
[White "Leitner, Walter"]
[Black "Molet, Asher"]
[Result "0-1"]
[WhiteElo "2097"]
[BlackElo "2007"]
[PlyCount "106"]
[EventDate "2005.08.15"]
[EventType "swiss"]
[EventRounds "10"]
[EventCountry "FRA"]
[SourceTitle "EXT 2006"]
[Source "ChessBase"]
[SourceDate "2005.11.24"]
[SourceVersion "1"]
[SourceVersionDate "2005.11.24"]
[SourceQuality "1"]

1. d4 d5 2. c4 e6 3. Nc3 Be7 4. Bf4 Nf6 5. e3 0-0 6. cxd5 exd5 7. Bd3 c6 8. Qc2 Nbd7 9. 0-0-0 b5 10. Nf3 a5 11. h3 b4 12. Na4 Ba6 13. Bxa6 Rxa6 14. Qd3 Qa8 15. Kd2 c5 16. dxc5 Nxc5 17. Nxc5 Bxc5 18. Ke2 Re8 19. Kf1 Bd6 20. Bxd6 Rxd6 21. h4 Rc6 22. Nd4 Rc4 23. f3 Rec8 24. Kf2 a4 25. g4 a3 26. Rd2 Nd7 27. bxa3 bxa3 28. Rhd1 Rb8 29. Nf5 Nc5 30. Qxd5 Qxd5 31. Ne7+ Kf8 32. Nxd5 Rb2 33. Ke2 Na4 34. e4 f6 35. h5 Kf7 36. Ke1 g6 37. hxg6+ hxg6 38. Ne3 Rc7 39. Rd7+ Rxd7 40. Rxd7+ Ke6 41. Ra7 Nc3 42. Ra6+ Kf7 43. Rxa3 Re2+ 44. Kf1 Rxe3 45. Kg2 g5 46. Ra6 Re2+ 47. Kg3 Rxa2 48. Rxa2 Nxa2 49. f4 Nb4 50. e5 fxe5 51. fxg5 Kg6 52. Kf3 Kxg5 53. Ke4 Nc6 0-1

[Event "FRA-ch Seniors"]
[Site "Chartres"]
[Date "2005.08.20"]
[Round "4"]
[White "Leitner, Walter"]
[Black "Fayolle, Guy"]
[Result "1-0"]
[WhiteElo "2097"]
[BlackElo "1920"]
[PlyCount "97"]
[EventDate "2005.08.15"]
[EventType "swiss"]
[EventRounds "10"]
[EventCountry "FRA"]
[SourceTitle "EXT 2006"]
[Source "ChessBase"]
[SourceDate "2005.11.24"]
[SourceVersion "1"]
[SourceVersionDate "2005.11.24"]
[SourceQuality "1"]

1. e4 e5 2. Nf3 Nc6 3. Bb5 a6 4. Bxc6 dxc6 5. 0-0 Qd6 6. d3 Be7 7. Be3 Nf6 8. Nbd2 Be6 9. Ng5 Ng4 10. Nxe6 Qxe6 11. Qf3 0-0 12. Rfe1 Nxe3 13. Qxe3 f5 14. exf5 Qxf5 15. Ne4 b6 16. Re2 Qe6 17. a3 c5 18. Rae1 Bd6 19. b3 Qg4 20. a4 Qf4 21. f3 Qxe3+ 22. Rxe3 h6 23. R3e2 Kh7 24. Nd2 b5 25. Ra1 Kg6 26. Re4 Kf5 27. h4 h5 28. g4+ hxg4 29. fxg4+ Ke6 30. Kg2 Rae8 31. Rf1 Rxf1 32. Kxf1 Rf8+ 33. Kg2 Rf4 34. axb5 axb5 35. c4 b4 36. Nf3 Rxe4 37. Ng5+ Kf6 38. Nxe4+ Ke6 39. Kf3 Be7 40. h5 Kf7 41. g5 Ke6 42. Kg4 Bf8 43. Ng3 Bd6 44. Nf5 Bf8 45. Nh4 Bd6 46. Ng6 c6 47. h6 gxh6 48. gxh6 e4 49. dxe4 1-0